00424nam a2200145Ia 4500008004100000041000900041082001500050100002600065245002100091260004100112300000800153650000800161999001700169952009200186230718s9999 xx 000 0 und d aEng. a700bQUR-M aQurashi Altaf Hussain 0aMulaqaty Kya kya aPakistanbJamhori Publicationsc2016 a506 aLaw c31585d31585 00104070aSIRC-LbSIRC-Ld2023-07-18l0o700 QUR-Mp26536r2023-07-18w2023-07-18yBK